Medical Biochemistry (Record no. 5088)

MARC details
000 -LEADER
fixed length control field 00373nam a2200157Ia 4500
008 - FIXED-LENGTH DATA ELEMENTS--GENERAL INFORMATION
fixed length control field 230312s9999||||xx |||||||||||||| ||und||
020 ## - INTERNATIONAL STANDARD BOOK NUMBER
International Standard Book Number 969-8486-05-1
082 ## - DEWEY DECIMAL CLASSIFICATION NUMBER
Classification number 612.015
Item number MUK-H
100 ## - MAIN ENTRY--PERSONAL NAME
Personal name Hashmi;M.A
245 #0 - TITLE STATEMENT
Title Medical Biochemistry
260 ## - PUBLICATION, DISTRIBUTION, ETC.
Name of publisher, distributor, etc. Allied Book
Place of publication, distribution, etc. Pakistan
Date of publication, distribution, etc. 2011
300 ## - PHYSICAL DESCRIPTION
Extent 527
546 ## - LANGUAGE NOTE
Language note Eng.
650 ## - SUBJECT ADDED ENTRY--TOPICAL TERM
Topical term or geographic name entry element Medical
Form subdivision Biochemistry
942 ## - ADDED ENTRY ELEMENTS (KOHA)
Koha item type BOOK
Holdings
Withdrawn status Lost status Source of classification or shelving scheme Damaged status Not for loan Home library Current library Date acquired Total Checkouts Full call number Barcode Date last seen Price effective from Koha item type
    Dewey Decimal Classification     Superior Information Resource Center (SIRC) Superior University- Main Campus Superior Information Resource Center (SIRC) Superior University- Main Campus 03/13/2023   612.015 MUK-H 5165 03/13/2023 03/13/2023 BOOK

Powered by Koha